000 00689nam a22002531 4500
999 _c73
_d73
001 1699609
003 OSt
005 20180806195656.0
008 740606s1967 ilu 000 0 eng
010 _a 67021859
040 _aDLC
_cDLC
_dDLC
050 0 0 _aBT60
_b.C7
082 0 0 _a248
_bC951W
100 1 _aCrossley, Robert.
245 1 0 _aWe want to live.
_crossley, Robert
250 _a[1st ed.]
260 _aLondon,
_bInter-Varsity Press
_c[1967]
300 _a95 p.
_c18 cm.
504 _aContains bibliography references
650 0 _aChristianity
_xEssence, genius, nature.
650 0 _aChristian life.
906 _a7
_bcbc
_corignew
_du
_eocip
_f19
_gy-gencatlg
942 _2ddc
_cBK